Trouvez les pokémons - 51 à 75 - Statistiques

Statistiques générales
  • Ce quiz a été pris 9 fois
  • Le résultat moyen est 16 sur 25
Statistiques - réponses
Par images Hint Réponse % Correct
Nº 0052 Miaouss
100%
Nº 0065 Alakazam
89%
Nº 0054 Psykokwak
89%
Nº 0063 Abra
78%
Nº 0067 Machopeur
78%
Nº 0074 Racaillou
78%
Nº 0073 Tentacruel
78%
Nº 0059 Arcanin
67%
Nº 0066 Machoc
67%
Nº 0068 Mackogneur
67%
Nº 0053 Persian
67%
Nº 0060 Ptitard
67%
Nº 0055 Akwakwak
56%
Nº 0070 Boustiflor
56%
Nº 0056 Férosinge
56%
Nº 0075 Gravalanch
56%
Nº 0064 Kadabra
56%
Nº 0062 Tartard
56%
Nº 0072 Tentacool
56%
Nº 0058 Caninos
44%
Nº 0069 Chétiflor
44%
Nº 0057 Colossinge
44%
Nº 0071 Empiflor
44%
Nº 0051 Triopikeur
44%
Nº 0061 Têtarte
33%
Aucun quiz correspondant
Distribution des résultats
% des personnes avec chaque résultat
Percentile par nombre de réponses
Votre historique - résultats
Vous n’avez pas pris ce quiz